00624 2200157 4500245005500000020002200055700001000077650004300087005001900130260004100149041001400190084000800204300001500212500023000227336000900457 aHigh School Musical #6 Heart to HeartcMartihText a978-979-27-5227-4 aMarti aFiksi Inggris (dalam Bahasa Indonesia) a20231010135857 aJakartabElex Media Komputindoc2007 aIndonesia a823 a120 hlm. : alima tahun berturut-turut, east high dikalahkan rival berat mereka, west high, dalam penggalangan dana heart. program yang diselenggarakan setiap tahun oleh asosiasi jantung nasional ini selalu bertepan dengan hari valentine. atext